header

Ballot box to jury box (Record no. 23456)

MARC details
000 -LEADER
fixed length control field 01330nam a2200325Ia 4500
100 1# - MAIN ENTRY--AUTHOR NAME
Personal name Baker, John,
245 10 - TITLE STATEMENT
Title Ballot box to jury box
260 ## - PUBLICATION, DISTRIBUTION, ETC. (IMPRINT)
Place of publication Winchester, UK :
Name of publisher Waterside Press ;
Place of publication Portland, Or. :
Name of publisher [Distributed in North America by] International Specialised Book Services,
Year of publication 2006.
300 ## - PHYSICAL DESCRIPTION
Number of Pages 210 p. :
Other physical details ill.
500 ## - GENERAL NOTE
General note Includes index.
650 #0 - SUBJECT ADDED ENTRY--TOPICAL TERM
Topical Term Judges
856 40 - ELECTRONIC LOCATION AND ACCESS
Uniform Resource Identifier http://site.ebrary.com/lib/rucke/Doc?id=10696150

No items available.

© 2026 Rongo University
Contact us: librarian | system librarian | Rongo university